Sam Winchester Quiz - Statistics

General Stats
  • This quiz has been taken 6 times
  • The average score is 12 of 24
Answer Stats
Hint Answer % Correct
his girlfriend jessica moore
100%
his father john
100%
his mother mary
100%
what he was addicted to demon blood
80%
____'s vessel lucifer
80%
sam's birthday may 2, 1983
80%
demon to first possess him meg masters
80%
demon who tricked him ruby
80%
college he went to stanford
80%
his last name winchester
80%
angel that possessed him gadreel
60%
place of birth lawrence, kansas
60%
surrogate father bobby singer
40%
his canon soulmate dean
40%
name of his son dean jr.
40%
where he was trapped the cage
40%
demon 'lover' brady
20%
place of his first death cold oak
20%
teen who bodyswapped with him gary
20%
how he tried to close hell trials
20%
lsat score 174
0%
kitsune friend amy
0%
name of who he hallucinated hallucifer
0%
mother's death date november 2, 2005
0%
No matching quizzes found
Score Distribution
Percent of People with Each Score
Percentile by Number Answered
Your Score History
You have not taken this quiz